000 00724nas a2200265 4500
001 BR8502800
003 BR-BrBNA
005 20231205090213.0
007 ta
008 230509b bl.|||p| |||| 00| 00por d
040 _aBR-BrBNA
_bpor
_cBiblioteca Nacional de Agricultura
041 _a(Pt)
072 _aM12; E70
100 1 _aAnon.
245 1 _aComercializacao, a grande barreira da piscicultura
650 _aPISCICULTURA
650 _aCOMERCIALIZACAO
650 _aPACU
650 _aTAMBAQUI
650 _aTILAPIA
650 _aCARPA
773 0 _tDirigente Rural (Brazil)
_xISSN 0012-3374
_g(Nov 1984), v. 23(11) p. 33-39
_wBR8502800
909 _a202311
_bLúcia
_c55
_dLúcia Elande
942 _2AGRIS
_n0
_cANA
999 _c116778
_d116778